Comparsas ganadoras del Siglo XXI (COAC) - Estadísticas

Estadísticas generales
  • Esta prueba ha sido intentada 32 veces
  • La puntuación promedio es 14 de 24
Estadísticas de respuestas
COAC COMPARSAS % Correcto
2024 La oveja negra
93%
2025 Las ratas
93%
2023 La ciudad invisible
79%
2002 Los ángeles caídos
79%
2016 Los cobardes
79%
2012 Los duendes coloraos
79%
2018 Los mafiosos
79%
2015 Los millonarios
79%
2019 Los carnívales
71%
2007 Araka la Kana
64%
2017 Los irracionales
64%
2001 La niña de mis ojos
57%
2022 Los sumisos
57%
2005 El espíritu de Cádiz
50%
2010 Los santos
50%
2013 La comparsa del genio
43%
2008 La comparsa de Momo
43%
2011 Juana la loca
36%
2014 La canción de Cádiz
36%
2003 Guadalupe
29%
2006 La caldera
29%
2004 La cárcel vieja
29%
2009 La mare que me parió
29%
2020 ¡Oh capitán, my capitán!
29%
No se encontraron pruebas coincidentes
Distribución de puntuación
Porcentaje de gente con cada puntuación
Porcentaje por número respondido
Historial de tus puntuaciones
No has intentado esta prueba.